000 00754nam a22002057a 4500
005 20170703140913.0
010 _aENG-118744
020 _a9789351436607
_c1995.00
035 _aEN-102276
037 _bDBAD/PUB
082 _a346.54082
100 _aKothari, Vinod
245 _aTannan's banking law and practice in India /
_cby Vinod Kothari
250 _aTwenty Sixth Edition
260 _aGurgaon
_bLexisNexis
_c2017
270 _a14th floor, Building No.10, Tower-B, DLF Cyber City, phase-II
_bGurgaon
_e122002
300 _accxxiii,1632p.
_c24cm(pbk)
500 _aincludes index
942 _2ddc
_cEN
_h346.54082
_mKOT
999 _c141288
_d141288